00915nam a2200241Ii 450000100060000000300080000600500170001400800410003103500190007204000230009104100160011408200220013009000210015210000550017324500870022826000740031530000190038950000410040870000540044994200120050399900170051595201410053230893BD-RjUL20211209051630.0140412r19511932mau b 001 0 eng d a(BD-RjUL)30980 aIARcIARdm.cbeng0 aenglathlat04a188bSEB V-2 1951 aPA6661b.A7 19281 aSeneca, Lucius Annaeus,dca. 4 B.C.-65 A.D.99385910aMoral essays /cSeneca ; with an English translation by John W. Basore.nVolume. 2 aCambridge, Mass. :bHarvard University Press,c1932 [Reprinted 1951]. a3 v. ;c17 cm. aLatin and English on opposite pages.1 aBasore, John W.q(John William),db. 1870.993861 2ddccBK c30893d30893 00102ddc4071aRUCLbRUCLcReadingd1955-03-10eSimpkai marshallg15.00l0o188 SEM V-2 1951r2014-04-12 00:00:00tC-1w2014-04-12yBK